000 01323nam a2200337 a 4500
001 ebr10591301
003 CaPaEBR
006 m u
007 cr cn|||||||||
008 911007s1992 enka sb 001 0 eng d
010 _z 91038751
020 _z0862912768 (acid-free paper)
020 _z9783598114977
020 _z9783110977806 (e-book)
040 _aCaPaEBR
_cCaPaEBR
035 _a(OCoLC)300836865
050 1 4 _aZ678.93.E93
_bA66 1992eb
082 0 4 _a025.3/0285
_220
245 0 4 _aThe application of expert systems in libraries and information centres
_h[electronic resource] /
_ceditor, Anne Morris.
260 _aLondon ;
_aNew York :
_bBowker-Saur,
_cc1992.
300 _aviii, 241 p. :
_bill.
504 _aIncludes bibliographical references and index.
533 _aElectronic reproduction.
_bPalo Alto, Calif. :
_cebrary,
_d2011.
_nAvailable via World Wide Web.
_nAccess may be limited to ebrary affiliated libraries.
650 0 _aExpert systems (Computer science)
650 0 _aInformation technology.
650 0 _aLibraries
_xAutomation.
655 7 _aElectronic books.
_2local
700 1 _aMorris, Anne,
_d1950-
710 2 _aebrary, Inc.
856 4 0 _uhttp://site.ebrary.com/lib/rucke/Doc?id=10591301
_zAn electronic book accessible through the World Wide Web; click to view
999 _c105910
_d105910